00279nam a2200109Ia 4500008004100000082001800041100002200059245003400081260003000115300001000145650001400155150301s1998 xx 000 0 und d a617.634bI98G aGOLDSTEIN, CARY E aIMAGING IN ESTHETCE DENTISTRY bQUITESSENCE PUBaUKc1998 a1-176 aRADIOLOGY